000 00928cam a22003013a 4500
001 5423
003 PGUSA
005 20140828083120.0
008 040401s2004||||xxu|||||s|||||000 1 eng d
040 _aPGUSA
_beng
042 _adc
050 4 _aPQ
100 1 _aHugo, Victor,
_d1802-1885
245 1 0 _aL'homme Qui Rit
_h[electronic resource] /
_cVictor Hugo
260 _bProject Gutenberg,
_c2004
506 _aPublic domain in the USA.
516 _aElectronic text
653 _aGreat Britain -- History -- Anne, 1702-1714 -- Fiction
653 _aTraveling theater -- Fiction
653 _aMouth -- Wounds and injuries -- Fiction
653 _aEngland -- Fiction
653 _aGreat Britain -- History -- James II, 1685-1688 -- Fiction
653 _aHistorical fiction
653 _aClowns -- Fiction
830 0 _aProject Gutenberg
_v5423
856 4 0 _uhttp://www.gutenberg.org/ebooks/5423
942 _cEB
999 _c234752
_d234752